000 00531nam a22001937a 4500
003 KOHA_MİRAKIL
005 20251002150137.0
008 251002b tu ||||| |||| 00| 0 tur d
020 _a9789750529412
040 _aTR-AnABB
_btur
_cTR-AnABB
041 _atur
082 _a891.8235
_bAND 2021
100 1 _aAndriç, İvo,
245 1 0 _aÖmer Paşa /
_cİvo Andriç
260 _aİstanbul :
_bİletişim Yayınları,
_c2021
300 _a291 sayfa ;
_c21 cm
650 0 4 _aSırp edebiyatı, roman
942 _2ddc
_cBK
999 _c9041
_d9041
900 _bGizem YORULMAZ